000 00412nam a2200157 i 4500
001 bg
100 1 _aMAŁONIEWICZ, W.
245 0 _aMałe oczyszczalnie ścieków /
_cW. Małoniewicz, T. Sędzikowski, T. Bronikowski.
260 _aWarszawa,
_c1979.
700 1 _aSĘDZIKOWSKI, T.
700 1 _aBRONIKOWSKI, T.
040 _cBPK
041 _apol
942 _cKS
008 s pl f |000 0 pol
999 _c19056
_d19056
856 _uhttp://koha.tu.koszalin.pl/cgi-bin/koha/opac-detail.pl?biblionumber=19056
_yKatalog online BPK